01897nam a22003977a 450000500170000000800410001704000280005805000130008621000320009922200460013124500470017724600230022426000910024730000380033831000200037632100330039633600260042933700280045533800270048336200310051050000220054153000810056355000660064458800550071065000510076565000380081665000320085465000470088665000640093365500430099765501400104071000690118071000490124977601200129877600810141820240202085712.0240202b |||||||| |||| 00| 0 eng d aKMUbengcKMUdKMUerda00aQA 614.80 aDiscret. contin. dyn. syst. 0aDiscrete and continuous dynamical systems00aDiscrete and continuous dynamical systems.13aDCDSf aSpringfield, MO :bDept. of Mathematics, Southwest Missouri State University,c©1995- avolumes :billustrations ;c26 cm aMonthly,b2006- aFrequency varies,b1995-2005 atextbtxt2rdacontent aunmediatedbn2rdamedia avolumebnc2rdacarrier0 aVol. 1, no. 1 (Jan. 1995)- aTitle from cover. aAlso issued online, as: Discrete and continuous dynamical systems. Series A. aIssued by: American Institute of Mathematical Sciences, 2001- aLatest issue consulted: Vol. 15, no. 1 (May 2006). 0aDifferentiable dynamical systemsvPeriodicals. 0aDifferentiable dynamical systems. 6aDynamique différentiable. 6aDynamique différentiablevPériodiques. 7aDifferentiable dynamical systems.2fast0(OCoLC)fst00893426 7aPeriodicals.2fast0(OCoLC)fst01411641 7aPeriodicals.2lcgft0http://id.loc.gov/authorities/genreForms/gf20140261390(uri) http://id.loc.gov/authorities/genreForms/gf20140261392 aSouthwest Missouri State University.bDepartment of Mathematics.2 aAmerican Institute of Mathematical Sciences.08iOnline version:tDiscrete and continuous dynamical systems. Series Ax1553-5231w(DLC) 2004212829w(OCoLC)5091666108iOnline version:tDiscrete and continuous dynamical systemsw(OCoLC)629682431